U potůčku polka /
| Main Author: | Kubeš, Ladislav, 1949- |
|---|---|
| Language: | Czech |
| Published: |
Praha : Kubešovo hudební vydavatelství , [2000] |
| Physical Description: |
14 hlasů ; 30 cm |
| LEADER | 01009ncm a2200289 a 4500 | ||
|---|---|---|---|
| 001 | 000923107 | ||
| 003 | CZ BrMZK | ||
| 005 | 20160923082752.0 | ||
| 007 | qu | ||
| 008 | 081125s2000 xr dfzdg nn cze d | ||
| 024 | 2 | |a M-66055-615-3 | |
| 028 | 2 | 1 | |a Kubešovo hudební vydavatelství |b 10-0102 |
| 040 | |a BOA001 |b cze | ||
| 048 | |a of01 | ||
| 072 | 7 | |a 785 |x Instrumentální hudba. Symfonická hudba. Hudba pro více nástrojů |2 Konspekt |9 9 | |
| 080 | |a 785.12.085.2 |2 MRF | ||
| 080 | |a 78.087 |2 MRF | ||
| 100 | 1 | |a Kubeš, Ladislav, |d 1949- |7 xx0007404 |4 arr | |
| 245 | 1 | 0 | |a U potůčku |h [hudebnina] : |b polka / |c upr. + arr.: Ladislav Kubeš |
| 260 | |a Praha : |b Kubešovo hudební vydavatelství , |c [2000] | ||
| 300 | |a 14 hlasů ; |c 30 cm | ||
| 650 | 0 | 7 | |a polky (dechový orchestr) |7 ph451021 |2 czenas |
| 655 | 7 | |a hlasy |7 fd186703 |2 czenas | |
| 910 | |a BOA001 |b Mus4-1211.719 | ||
| 990 | |a MU | ||
| 991 | |b 200812 |c NOV | ||
| 996 | 6 | |b 2610360622 |c Mus4-1211.719 |l MZK |r Sklad / do 1 hodiny |n 2 |w 000923107 |u 000010 |a 1 |e BOA001 |j MZK50 |s P | |
English
Čeština 